00861 a2200169 45000010006000000050017000060080041000230030015000640400040000790800046001192450045001652500011002102640037002213000019002585050385002771000029006624870120260407155752.0260407a1974 arg spa dAR-UNSa-BCEJYS aAR-UNSa-BCEJYSbspacAR-UNSa-BCEJYS a94(82):33xHistoria Económica Argentina10aHistoria de los ferrocarriles argentinos a6a.ed. 1aBuenos Aires :bPlus Ultrac1974 a398 p.c20 cm. a1. Historia del Ferrocarril Oeste - 2. Historia del Ferrocarril Central Argentino - 3. Historia del Ferrocarril Central Córdoba - 4. Historia del Ferrocarril Buenos Aires al Pacífico (1ª parte) - 5. Historia del Ferrocarril Buenos Aires (2ª parte)- 6. Historia del Ferrocarril Trasandino - 7. Historia de los Ferrocarriles del Estado - 8. Historia del Ferrocarril del Este. 1 aScalabrini Ortiz, Raúl